| 000 | 01328nam a2200253 a 4500 | ||
|---|---|---|---|
| 001 | 000024055 | ||
| 005 | 20200930022659.0 | ||
| 008 | 110118s2001 sp a r 000 | spa d | ||
| 020 | _a8474328551 | ||
| 040 |
_aDO-SdBNP _bspa _cBNPHU |
||
| 082 |
_axxxx _bO14e |
||
| 245 | 1 | 4 |
_aLos obstáculos epistemológicos en la enseñanza / _ccompiladora de Alicia R.W. de Camilloni ; traducción de Alcira Bixio. |
| 260 |
_aBarcelona : _bGedisa, _c2001. |
||
| 300 |
_a223 p. : _bil. ; _c23 cm. |
||
| 490 |
_aBiblioteca de Educación _v10 |
||
| 490 |
_aDidáctica General _v10 |
||
| 500 | _aSelección de artículos publicados en los números 24 y 25 de la revista ASTER | ||
| 500 | _aIncluye notas al pie de páginas | ||
| 505 | 0 |
_tTrabajar los obstáculos para asimilar los conocimientos científicos / _rGuy Rumelhard _aConstrucción de problemas y superación de obstáculos / _rMichel Fabre y Christian Orange _t- Empleo de objetos museológicos para tratar los obstáculos en la esfera de las ciencias y la técnica / _rJack Guichard y Françoise Guichard _tIdentificación de los obstáculos por parte de los alumnos / _rBrigitte Peterfalvi. |
|
| 700 | 1 |
_aCamilloni, Alicia R.W. de, _bcomp. _949428 |
|
| 700 | 1 |
_aBixio, Alcira, _etr. _949429 |
|
| 830 | 0 |
_aBiblioteca de Educación, _n10 _949430 |
|
| 830 | 0 |
_aDidáctica General, _n10 _949431 |
|
| 999 |
_c23550 _d23550 |
||